[Event "O pohár města Říčany 2017"]
[Site "Kulturni centrum Labut, 17. Listopadu 214 25101 Ricany"]
[Date "2017.09.02"]
[Round "9.13"]
[White "Ludvik, Tomas"]
[Black "Kunc, Jan"]
[Result "1-0"]
[WhiteElo "2095"]
[BlackElo "1937"]
[PlyCount "0"]
[EventDate "2017.08.26"]

1. d4 Nf6 2. c4 g6 3. Nc3 Bg7 4. e4 d6 5. Nf3 O-O 6. Be2 e5 7. O-O Nc6 8. d5
Ne7 9. Ne1 Ne8 10. Nd3 f5 11. Bd2 c5 12. Rb1 Nf6 13. f3 f4 14. b4 b6 15. bxc5
bxc5 16. Na4 Nd7 17. Qc2 g5 18. Rb3 Rf7 19. Nc3 Bf8 20. Nb5 Ng6 21. Ra3 a6
22. Ba5 Qf6 23. Nc7 Rb8 24. Ne6 Be7 25. Rb1 Ngf8 26. Rxb8 Nxb8 27. Nc7 Bd8
28. Qb2 Bxc7 29. Bxc7 Rxc7 30. Qxb8 Qe7 31. Rb3 Bb7 32. Rb6 Qd7 33. Bd1 h5
34. h3 Kf7 35. Ba4 Qc8 36. Qxc8 Bxc8 37. Rxd6 Ng6 38. Be8+ Kxe8 39. Rxg6 g4
40. hxg4 hxg4 41. Nxe5 gxf3 42. Rg8+ Ke7 43. Rg7+ Kd6 44. Rxc7 Kxc7 45. gxf3 a5
46. Nd3 Ba6 47. Nb2 Kd6 48. Kf2 Ke5 49. Nd3+ Kd4 50. Nxf4 Bxc4 51. Ne6+ Ke5
52. Nxc5 Bxa2 53. Ke3 Bc4 54. Nd3+ Kd6 55. Kd4 Bb3 56. e5+ Ke7 57. d6+ Kd8
58. Nc5 Bd1 59. f4 a4 60. e6 Bg4 61. Nb7+ Kc8 62. d7+ Kxb7 63. d8=Q 1-0

[Event "O pohár města Říčany 2017"]
[Site "Kulturni centrum Labut, 17. Listopadu 214 25101 Ricany"]
[Date "2017.09.02"]
[Round "9.14"]
[White "Janacek, Jaroslav"]
[Black "Vlkova, Anezka"]
[Result "0-1"]
[WhiteElo "2019"]
[BlackElo "1914"]
[PlyCount "0"]
[EventDate "2017.08.26"]

1. Nf3 Nf6 2. c4 e6 3. g3 a6 4. Bg2 b5 5. b3 c5 6. Nc3 Qb6 7. O-O Bb7 8. d3 Be7
9. a4 b4 10. a5 Qc7 11. Na4 Qxa5 12. Bb2 d5 13. Ne5 Qc7 14. cxd5 Bxd5 15. e4 Bb7
16. Rc1 O-O 17. Qe2 Nbd7 18. f4 Nb6 19. Nxb6 Qxb6 20. Nc4 Qd8 21. g4 Nd7 22. g5
f6 23. h4 Rb8 24. Bh3 e5 25. Qg4 Bc8 26. f5 Kh8 27. Rf3 Rg8 28. Rg3 Bb7 29. Rc2
Nb6 30. Na5 Ba8 31. Bf1 Nd5 32. Nc4 Nb6 33. Ne3 a5 34. Rcg2 Qe8 35. g6 h6
36. Qh5 Bf8 37. Qd1 Bc6 38. Qh5 Rb7 39. Ng4 a4 40. bxa4 Nxa4 41. Bc1 Nc3
42. Nxh6 gxh6 43. Bxh6 Rh7 44. gxh7 Rxg3 45. Qxe8 Rxg2+ 46. Kxg2 Bxe8 47. Bxf8
b3 48. d4 b2 49. Bd3 c4 50. Bc2 exd4 51. Be7 Kxh7 52. Bxf6 Nb5 53. Kf2 d3
54. Bb1 Na3 55. Bxd3 cxd3 56. Bxb2 Nc4 57. Bc3 Bh5 58. Ke1 Kg8 59. e5 Bg4 60. f6
Kf7 61. Kf2 d2 62. Bxd2 Nxd2 63. Ke3 Nf3 64. Kf4 Bh5 65. Kf5 Bg6+ 66. Kf4 Nxh4
67. Kg5 Nf3+ 68. Kf4 Nd4 69. Ke3 Nc6 70. Kf4 Ke6 71. Kg5 Nxe5 0-1

[Event "O pohár města Říčany 2017"]
[Site "Kulturni centrum Labut, 17. Listopadu 214 25101 Ricany"]
[Date "2017.09.02"]
[Round "9.16"]
[White "Nemcova, Kamila"]
[Black "Skala, Jaromir"]
[Result "1/2-1/2"]
[WhiteElo "1908"]
[BlackElo "1942"]
[PlyCount "0"]
[EventDate "2017.08.26"]

1. e4 e5 2. Nf3 Nc6 3. d4 exd4 4. Nxd4 Nf6 5. Nxc6 bxc6 6. e5 Qe7 7. Qe2 Nd5
8. c4 Nb6 9. Nc3 Qe6 10. Qe4 d5 11. exd6 Qxe4+ 12. Nxe4 cxd6 13. Bf4 1/2-1/2

[Event "O pohár města Říčany 2017"]
[Site "Kulturni centrum Labut, 17. Listopadu 214 25101 Ricany"]
[Date "2017.09.02"]
[Round "9.17"]
[White "Korsa, Jiri"]
[Black "Vystrcil, Martin"]
[Result "0-1"]
[WhiteElo "1820"]
[BlackElo "2038"]
[PlyCount "0"]
[EventDate "2017.08.26"]

1. e4 Nf6 2. Nc3 d5 3. e5 Nfd7 4. d4 c5 5. Nxd5 cxd4 6. e6 Qa5+ 7. Bd2 Qxd5
8. exd7+ Bxd7 9. Qf3 Qe6+ 10. Qe2 g6 11. Qxe6 Bxe6 12. Nf3 Bg7 13. Bf4 Nc6
14. Bb5 a6 15. Bxc6+ bxc6 16. Be5 Bxe5 17. Nxe5 Bd5 18. f3 f6 19. Nd3 Kd7
20. Kd2 Kd6 21. b4 a5 22. a3 Rhb8 23. Rhb1 Bc4 24. bxa5 Rxb1 25. Rxb1 Rxa5
26. Rb8 Bxd3 27. Kxd3 Kc5 28. Rh8 Rxa3+ 29. Kd2 h5 30. Rd8 Ra1 31. Rg8 Kc4
32. Rxg6 Ra2 0-1

[Event "O pohár města Říčany 2017"]
[Site "Kulturni centrum Labut, 17. Listopadu 214 25101 Ricany"]
[Date "2017.09.02"]
[Round "9.18"]
[White "Skokan, Frantisek"]
[Black "Horyna, Josef"]
[Result "1-0"]
[WhiteElo "1933"]
[BlackElo "1814"]
[PlyCount "0"]
[EventDate "2017.08.26"]

1. e4 c6 2. d4 d5 3. Nc3 dxe4 4. Nxe4 Bf5 5. Ng3 Bg6 6. f4 e6 7. Nf3 Be7 8. Bd3
Bxd3 9. Qxd3 Nh6 10. O-O O-O 11. Ng5 Nf5 12. Nxf5 exf5 13. Nf3 g6 14. c4 Nd7
15. Bd2 Nc5 16. Qc2 Ne4 17. Rad1 Nxd2 18. Qxd2 Bf6 19. Kh1 Re8 20. Qf2 Qc7
21. Ne5 c5 22. d5 Qd6 23. Rfe1 Bg7 24. Re2 Re7 25. b4 b6 26. bxc5 bxc5 27. Nc6
Re4 28. Rxe4 fxe4 29. f5 gxf5 30. Qxf5 Re8 31. Rf1 f6 32. Qh5 Qd7 33. Re1 f5
34. Nxa7 Ra8 35. Nc6 Rxa2 36. Qg5 Kh8 37. Rf1 h6 38. Qf4 Rc2 39. Ne5 Bxe5
40. Qxe5+ Kg8 41. h4 Rxc4 42. Rxf5 e3 43. Qb8+ Kg7 44. Qf8+ Kh7 45. Rf7+ Qxf7
46. Qxf7+ Kh8 47. d6 1-0

[Event "O pohár města Říčany 2017"]
[Site "Kulturni centrum Labut, 17. Listopadu 214 25101 Ricany"]
[Date "2017.09.02"]
[Round "9.19"]
[White "Pavlicek, Petr"]
[Black "Vilimova, Julie"]
[Result "1/2-1/2"]
[WhiteElo "1923"]
[BlackElo "1741"]
[PlyCount "0"]
[EventDate "2017.08.26"]

1. Nf3 d6 2. d4 g6 3. g3 Bg7 4. Bg2 c6 5. c4 Nd7 6. Nc3 Ngf6 7. O-O O-O 8. e4
e5 9. h3 Ne8 10. Be3 f5 11. Qd2 Nef6 12. exf5 gxf5 13. dxe5 dxe5 14. Rad1 Qe7
15. Qd6 Qxd6 16. Rxd6 e4 17. Ne1 Ne5 18. b3 Ne8 19. Rd1 Nxc4 20. Bd4 Ne5 21. f3
exf3 22. Nxf3 Nxf3+ 23. Rxf3 Nc7 24. Bxg7 Kxg7 25. Ne2 a5 26. Nf4 Ne6 27. Rd6
Kf6 28. Re3 Re8 29. Bf1 Ke7 30. Rdxe6+ Bxe6 31. Rxe6+ Kf7 32. Rxe8 Rxe8 33. Kf2
b5 34. Bd3 Kf6 35. Ne2 Rd8 36. Ke3 Ke5 37. Nf4 Rd4 38. Ne2 Rd7 39. Nf4 Rd4
40. Ne2 Rd7 1/2-1/2

[Event "O pohár města Říčany 2017"]
[Site "Kulturni centrum Labut, 17. Listopadu 214 25101 Ricany"]
[Date "2017.09.02"]
[Round "9.20"]
[White "Nehyba, Martin"]
[Black "Matys, Jakub"]
[Result "1-0"]
[WhiteElo "1875"]
[BlackElo "1727"]
[PlyCount "0"]
[EventDate "2017.08.26"]

1. e4 c5 2. Nf3 e6 3. d4 cxd4 4. Nxd4 Nf6 5. Bd3 Be7 6. O-O d6 7. c4 O-O 8. Nc3
Bd7 9. Be3 Nc6 10. Rc1 Nxd4 11. Bxd4 Bc6 12. b3 b6 13. Kh1 Qc8 14. Qc2 Qb7
15. f4 Nd7 16. b4 e5 17. Bf2 Qc7 18. f5 Nf6 19. Qe2 a5 20. b5 Bb7 21. Nd5 Bxd5
22. cxd5 Qb7 23. Bh4 Nxd5 24. exd5 Bxh4 25. f6 Bxf6 26. Rxf6 Rfc8 27. Rff1 Rxc1
28. Rxc1 Rc8 29. Rc6 Rxc6 30. bxc6 Qc7 31. Be4 Qa7 32. Qc4 Qc7 33. Qa6 1-0

[Event "O pohár města Říčany 2017"]
[Site "Kulturni centrum Labut, 17. Listopadu 214 25101 Ricany"]
[Date "2017.09.02"]
[Round "9.21"]
[White "Steiner, Juraj"]
[Black "Hlavacek, Ondrej"]
[Result "1-0"]
[WhiteElo "2022"]
[BlackElo "1773"]
[PlyCount "0"]
[EventDate "2017.08.26"]

1. c4 Nf6 2. Nc3 g6 3. Nf3 c5 4. e3 Nc6 5. d4 cxd4 6. exd4 d5 7. Bg5 Ne4
8. cxd5 Nxc3 9. bxc3 Qxd5 10. Qb3 Qxb3 11. axb3 Bg7 12. b4 e6 13. Bd3 h6 14. Bf4
Ne7 15. Bd6 Nf5 16. Bc5 a6 17. Kd2 Bf8 18. g4 Ng7 19. Bxf8 Kxf8 20. c4 Ke7
21. b5 Bd7 22. bxa6 bxa6 23. Ne5 Rhc8 24. Ra5 Ne8 25. Re1 Rcb8 26. Kc3 Nc7
27. Be4 Ra7 28. Bc6 Bc8 29. d5 Rb6 30. c5 Nb5+ 31. Bxb5 1-0

[Event "O pohár města Říčany 2017"]
[Site "Kulturni centrum Labut, 17. Listopadu 214 25101 Ricany"]
[Date "2017.09.02"]
[Round "9.22"]
[White "Bares, Jachym"]
[Black "Stanek, Ondrej"]
[Result "1-0"]
[WhiteElo "1989"]
[BlackElo "1885"]
[PlyCount "0"]
[EventDate "2017.08.26"]

1. e4 c5 2. Nf3 e6 3. d4 cxd4 4. Nxd4 Nf6 5. Bd3 Nc6 6. Be3 d5 7. Nxc6 bxc6
8. e5 Nd7 9. f4 Bc5 10. Bxc5 Nxc5 11. b3 Qb6 12. Nc3 O-O 13. Qd2 a5 14. a3 f6
15. exf6 Rxf6 16. g3 Nxd3+ 17. Qxd3 c5 18. O-O-O Bb7 19. Qb5 Qxb5 20. Nxb5 Bc6
21. a4 Bxb5 22. axb5 a4 23. Kb2 Rff8 24. Ra1 axb3 25. Kxb3 Rfb8 26. Rxa8 Rxa8
27. Rb1 Rb8 28. Ka4 Ra8+ 29. Kb3 Rb8 30. c4 Kf7 31. Ra1 Kf6 32. Ra6 Rc8 33. cxd5
c4+ 34. Kc3 Rc5 35. Rxe6+ Kf7 36. Kd4 Rxb5 37. Kxc4 Rb2 38. h4 Rc2+ 39. Kd3 Rg2
40. Re3 Rg1 41. Kd4 Kf6 42. d6 Rd1+ 43. Kc5 Rc1+ 44. Kd5 Rd1+ 45. Kc6 Rc1+
46. Kd7 Rd1 47. Kc7 Rc1+ 48. Kd8 Rd1 49. d7 Kf7 50. Rc3 1-0

[Event "O pohár města Říčany 2017"]
[Site "Kulturni centrum Labut, 17. Listopadu 214 25101 Ricany"]
[Date "2017.09.02"]
[Round "9.23"]
[White "Laurincova, Kristyna"]
[Black "Vojta, Jakub"]
[Result "1/2-1/2"]
[WhiteElo "1854"]
[BlackElo "1930"]
[PlyCount "0"]
[EventDate "2017.08.26"]

1. e4 c5 2. Nf3 e6 3. d4 cxd4 4. Nxd4 Nf6 5. Nc3 Bb4 6. Nb5 a6 7. Nd6+ Bxd6
8. Qxd6 Qe7 9. Qc7 Qd8 10. Qd6 Qe7 11. Qc7 Qd8 12. Qd6 Qe7 1/2-1/2

[Event "O pohár města Říčany 2017"]
[Site "Kulturni centrum Labut, 17. Listopadu 214 25101 Ricany"]
[Date "2017.09.02"]
[Round "9.24"]
[White "Simak, Roman"]
[Black "Cermak, Jan"]
[Result "1/2-1/2"]
[WhiteElo "1702"]
[BlackElo "1904"]
[PlyCount "0"]
[EventDate "2017.08.26"]

1. d4 d5 2. c4 dxc4 3. Nc3 Nf6 4. Nf3 e6 5. e3 c5 6. Bxc4 cxd4 7. Qxd4 Qxd4
8. Nxd4 a6 9. a4 Bb4 10. Bd2 Bd7 11. O-O Nc6 12. Nxc6 Bxc6 13. Rfd1 Ke7 14. b3
Rad8 15. Be1 a5 1/2-1/2

[Event "O pohár města Říčany 2017"]
[Site "Kulturni centrum Labut, 17. Listopadu 214 25101 Ricany"]
[Date "2017.09.02"]
[Round "9.25"]
[White "Zvolensky, David"]
[Black "Otrubova, Kristyna"]
[Result "1-0"]
[WhiteElo "1894"]
[BlackElo "1758"]
[PlyCount "0"]
[EventDate "2017.08.26"]

1. d4 Nf6 2. c4 g6 3. Nf3 Bg7 4. g3 O-O 5. Bg2 d6 6. O-O c6 7. Nc3 Nbd7 8. Qc2
e5 9. Rd1 Re8 10. d5 c5 11. a3 Nf8 12. e4 Nh5 13. b4 b6 14. Rb1 f5 15. bxc5 bxc5
16. Qa4 fxe4 17. Nxe4 Bf5 18. Bg5 Qc7 19. Nfd2 Nd7 20. Qc6 Qxc6 21. dxc6 Nb6
22. Nxd6 Bxb1 23. Rxb1 Re6 24. c7 Rf8 25. Rxb6 axb6 26. Bd5 1-0

[Event "O pohár města Říčany 2017"]
[Site "Kulturni centrum Labut, 17. Listopadu 214 25101 Ricany"]
[Date "2017.09.02"]
[Round "9.26"]
[White "Stork, Rostislav"]
[Black "Hadrava, Jaroslav"]
[Result "0-1"]
[WhiteElo "1764"]
[BlackElo "1964"]
[PlyCount "0"]
[EventDate "2017.08.26"]

1. e4 c6 2. d4 d5 3. exd5 cxd5 4. c4 Nf6 5. Nf3 e6 6. Nc3 Be7 7. c5 b6 8. b4
O-O 9. Bd3 a5 10. bxa5 bxc5 11. dxc5 Bxc5 12. O-O Rxa5 13. h4 Ba6 14. Ne2 Bxd3
15. Qxd3 Nbd7 16. Nf4 Qa8 17. a3 e5 0-1

[Event "O pohár města Říčany 2017"]
[Site "Kulturni centrum Labut, 17. Listopadu 214 25101 Ricany"]
[Date "2017.09.02"]
[Round "9.27"]
[White "Kylar, Miroslav"]
[Black "Maslo, Ondrej"]
[Result "1/2-1/2"]
[WhiteElo "1899"]
[BlackElo "1744"]
[PlyCount "0"]
[EventDate "2017.08.26"]

1. d4 d5 2. Bf4 Nf6 3. e3 Bf5 4. c3 Nbd7 5. Nf3 e6 6. h3 Nb6 7. Nbd2 Bd6 8. Ne5
O-O 9. Ndf3 Ne4 10. g4 Bg6 11. Nxg6 fxg6 12. Bxd6 cxd6 13. Bg2 Nc4 14. b3 Ncd2
15. Nxd2 Nxf2 16. Qc2 Qh4 17. Nf3 Rxf3 18. Bxf3 Nxh1+ 19. Kd2 Rf8 20. Rxh1 Rxf3
21. Rh2 Rxh3 22. Rg2 Rg3 23. Kd3 Qxg4 24. Rxg3 Qxg3 25. c4 Qg5 26. cxd5 Qf5+
27. e4 Qh3+ 28. Kc4 exd5+ 29. Kxd5 Qd7 30. e5 dxe5+ 31. Kxe5 Kf8 32. d5 Ke8
33. Qg2 Qf5+ 34. Kd6 Qd7+ 35. Ke5 Qe7+ 36. Kd4 Qh4+ 37. Kc5 Qf6 38. Qh2 Qb6+
39. Kc4 h5 40. Qe5+ Kf7 41. d6 Qc6+ 42. Kd4 Qd7 43. Qd5+ Kf8 44. Qf3+ Qf7
45. Qg3 Qf6+ 46. Kc4 {dale chybny zapis, 87 tahu} 1/2-1/2

[Event "O pohár města Říčany 2017"]
[Site "Kulturni centrum Labut, 17. Listopadu 214 25101 Ricany"]
[Date "2017.09.02"]
[Round "9.29"]
[White "Konvalinka, Vladislav"]
[Black "Nemecek, Lukas"]
[Result "1-0"]
[WhiteElo "1764"]
[BlackElo "1632"]
[PlyCount "0"]
[EventDate "2017.08.26"]

1. d4 d5 2. c4 dxc4 3. e3 Nf6 4. Bxc4 e6 5. Nc3 a6 6. Bd2 b5 7. Bd3 Bb7 8. Nf3
c5 9. Be2 cxd4 10. exd4 Be7 11. Rc1 Nbd7 12. O-O Nb6 13. Bf4 O-O 14. Nxb5 Nfd5
15. Bc7 Qc8 16. Nd6 1-0

[Event "O pohár města Říčany 2017"]
[Site "Kulturni centrum Labut, 17. Listopadu 214 25101 Ricany"]
[Date "2017.09.02"]
[Round "9.30"]
[White "Benes, Karel"]
[Black "Skacel, Jan"]
[Result "0-1"]
[WhiteElo "1706"]
[BlackElo "1991"]
[PlyCount "0"]
[EventDate "2017.08.26"]

1. e4 e5 2. Nf3 Nc6 3. d4 exd4 4. Nxd4 Nf6 5. Nc3 Bb4 6. Nxc6 bxc6 7. Bd3 d5
8. Bd2 O-O 9. O-O Re8 10. exd5 cxd5 11. a3 Bd6 12. Bg5 c6 13. Qd2 h6 14. Bh4
Bxh2+ 15. Kh1 Bd6 16. b4 Ne4 17. Bxd8 Nxd2 18. Rfd1 Rxd8 19. Rxd2 Be5 20. Rb1
Bxc3 21. Re2 Be6 22. f4 g6 23. b5 cxb5 24. Rxb5 Rab8 25. a4 Rxb5 26. axb5 Rb8
27. Bxg6 fxg6 28. Rxe6 Kf7 29. Rc6 d4 30. Rc7+ Kf6 31. g4 Rxb5 32. Rc6+ Kf7
33. Rc7+ Kf8 34. Rxa7 Bd2 35. Ra8+ Ke7 36. Ra7+ Kd6 37. Rf7 Rc5 38. Rf8 Ke7 0-1

[Event "O pohár města Říčany 2017"]
[Site "Kulturni centrum Labut, 17. Listopadu 214 25101 Ricany"]
[Date "2017.09.02"]
[Round "9.31"]
[White "Skrabanek, Matej"]
[Black "Kronowetter, Borivoj"]
[Result "0-1"]
[WhiteElo "1600"]
[BlackElo "1787"]
[PlyCount "0"]
[EventDate "2017.08.26"]

1. e4 c5 2. Nf3 a6 3. d4 cxd4 4. Nxd4 Nf6 5. Nc3 e5 6. Nf5 d5 7. Ng3 Bb4 8. Bd2
Nc6 9. Bd3 Be6 10. O-O O-O 11. a3 Bc5 12. Kh1 Re8 13. Bg5 dxe4 14. Ncxe4 Be7
15. Bxf6 Bxf6 16. Nxf6+ Qxf6 17. Ne4 Qe7 18. Qh5 f5 19. Nc3 e4 20. Be2 Nd4
21. Bd1 Rac8 22. f4 Bc4 23. Re1 e3 24. h3 Bf7 0-1

[Event "O pohár města Říčany 2017"]
[Site "Kulturni centrum Labut, 17. Listopadu 214 25101 Ricany"]
[Date "2017.09.02"]
[Round "9.32"]
[White "Jirousek, Tadeas"]
[Black "Hampel, Rudolf"]
[Result "1-0"]
[WhiteElo "1584"]
[BlackElo "1772"]
[PlyCount "0"]
[EventDate "2017.08.26"]

1. d4 Nf6 2. c4 e6 3. Nf3 d5 4. g3 Be7 5. Bg2 O-O 6. O-O Nbd7 7. Qc2 b6 8. Nbd2
Bb7 9. b3 Rc8 10. Bb2 c5 11. Ne5 Qc7 12. cxd5 Nxd5 13. Rac1 Qd8 14. Qb1 Rc7
15. e4 Nb4 16. a3 Nxe5 17. dxe5 Qxd2 18. Rfd1 Qg5 19. axb4 Rfc8 20. bxc5 Bxc5
21. Qd3 h6 22. Rc2 Be7 23. Rxc7 Rxc7 24. h4 Qg6 25. Ba3 Kh7 26. Bxe7 Rxe7
27. Qd8 Qg4 28. Rd2 Bxe4 29. Qxe7 Bxg2 30. Kxg2 Qe4+ 31. Kh2 Qe1 32. Qd7 1-0

[Event "O pohár města Říčany 2017"]
[Site "Kulturni centrum Labut, 17. Listopadu 214 25101 Ricany"]
[Date "2017.09.02"]
[Round "9.34"]
[White "Kuhnmund, Ivan"]
[Black "Straka, Jaroslav"]
[Result "0-1"]
[WhiteElo "1640"]
[BlackElo "1897"]
[PlyCount "0"]
[EventDate "2017.08.26"]

1. e4 e6 2. Nc3 d5 3. Qe2 Be7 4. g3 d4 5. Nd1 c5 6. f4 Nc6 7. e5 Nh6 8. Nf3 O-O
9. Bh3 b6 10. d3 Bb7 11. O-O a5 12. a3 a4 13. Nf2 Na5 14. g4 Re8 15. Ne4 Bf8
16. Bd2 c4 17. Bb4 cxd3 18. cxd3 Bxb4 19. axb4 Nb3 20. Nd6 Bxf3 21. Rxf3 Nxa1
0-1